Project management : Processes,methodologies,and economics

Bibliographic Details
Main Author: Shtub, Auraham
Format: Book
Published: Upper Saddle River : Prentice Hall , 2005
Edition:2nd ed
Subjects:

MARC

LEADER 00000cam a2200000 7i4500
001 0000015886
005 20050922.0
020 |a 0130413313 
040 |a INS 
090 0 0 |a TA190   |b S59 2005 
100 1 |a Shtub, Auraham 
245 1 0 |a Project management :   |b Processes,methodologies,and economics   |c Auraham Shtub 
250 |a 2nd ed 
260 |a Upper Saddle River :   |b Prentice Hall ,   |c 2005 
300 |a xx :   |b 668p ;   |c 23cm. 
650 0 0 |a Engineering   |x Management 
650 0 0 |a Project management 
999 |a 0000015851   |b BOOK   |c Open Shelf   |e Default branch